000 00657cam a2200241 4500
008 090401t1996 xxu||||| |||| 00| 0 eng d
020 _a0750622679
035 _a(Sirsi) u65010
041 _aeng
050 _a720.9
100 _aFletcher, Banister
245 _aSir Banister Fletcher`s a history of architecture.
250 _a20th ed.
260 _aOxford
_bArchitectural Press
_c1996
300 _axxxviii,1794p. : ill. ; 25cm.
350 _a75
650 _aARCHITECTURAL HISTORY
650 _aARCHITECTURE
690 _aBUILT ENVIRONMENT-CONSTRUCTION DESIGN
700 _aCruickshank, Dan
_xEditor
942 _n0
948 _c04/03/1997
999 _c94724
_d94724